[Event "Niedersachsen-ch B"]
[Site "Verden"]
[Date "2010.01.04"]
[Round "3.28"]
[White "Hentrop, Malte"]
[Black "Ehlert, Horst"]
[Result "1/2-1/2"]
[WhiteElo "1665"]
[BlackElo "2083"]
[PlyCount "54"]
[EventDate "2010.01.??"]
[EventType "swiss"]
[EventRounds "7"]
[EventCountry "GER"]
[SourceDate "2005.10.24"]

1. e4 c5 2. Nf3 e6 3. d4 cxd4 4. Nxd4 a6 5. Nc3 Qc7 6. Qf3 Nf6 7. g4 Bb4 8. Bd2
Qe5 9. Nde2 d5 10. Bf4 Bxc3+ 11. Nxc3 Qd4 12. exd5 e5 13. Be3 Bxg4 14. Qg3 Qb4
15. Qxe5+ Kd8 16. Kd2 Re8 17. Qg5 Nbd7 18. Bd3 Rc8 19. Rab1 Bf3 20. Rhe1 Bxd5
21. a3 Qd6 22. Bd4 Be6 23. Bxf6+ gxf6 24. Qh4 {(=)} Rc6 25. Re3 Kc8 26. Rbe1
Kb8 27. Kc1 Ka8 1/2-1/2

[Event "Niedersachsen-ch B"]
[Site "Verden"]
[Date "2010.01.04"]
[Round "3.29"]
[White "Kaiser, Jonas"]
[Black "Buetow, Ingo"]
[Result "1-0"]
[WhiteElo "1939"]
[BlackElo "1789"]
[PlyCount "79"]
[EventDate "2010.01.??"]
[EventType "swiss"]
[EventRounds "7"]
[EventCountry "GER"]
[SourceDate "2005.10.24"]

1. d4 Nf6 2. Nf3 g6 3. c4 Bg7 4. Nc3 d5 5. e3 O-O 6. Bd3 c5 7. O-O cxd4 8. exd4
dxc4 9. Bxc4 Bg4 10. d5 Nbd7 11. Re1 Rc8 12. Bb3 Nc5 13. Bc2 a6 14. Be3 Qd6 15.
h3 Bxf3 16. Qxf3 Rfe8 17. Rad1 b5 18. a3 Nfd7 19. Bf4 Qf6 20. Qg3 h6 21. h4 Qb6
22. Re2 Nf6 23. Rde1 Nh5 24. Qe3 Nxf4 25. Qxf4 Qf6 26. Qg3 Kf8 27. Re3 Qb6 28.
Rf3 Kg8 29. h5 g5 30. Qg4 Rcd8 31. Qf5 f6 32. Rfe3 Qc7 33. b4 Nb7 34. Qh7+ Kf8
35. Bf5 Nd6 36. Be6 Nf7 37. Qg6 Nh8 38. Qh7 Nf7 39. Ne4 Qf4 40. Ng3 1-0

[Event "Niedersachsen-ch B"]
[Site "Verden"]
[Date "2010.01.04"]
[Round "3.30"]
[White "Krumschmidt, Michael"]
[Black "Bart, Simon"]
[Result "1/2-1/2"]
[WhiteElo "1648"]
[BlackElo "1982"]
[PlyCount "154"]
[EventDate "2010.01.??"]
[EventType "swiss"]
[EventRounds "7"]
[EventCountry "GER"]
[SourceDate "2005.10.24"]

1. d4 Nf6 2. c4 g6 3. Nc3 Bg7 4. Nf3 O-O 5. e4 d6 6. Be2 e5 7. d5 Nbd7 8. Be3
Ng4 9. Bd2 f5 10. h3 Ngf6 11. Qc2 Nc5 12. Bg5 h6 13. Bxf6 Qxf6 14. Bd3 Bd7 15.
O-O-O a5 16. a4 Ra6 17. Nd2 Rb6 18. Rdf1 Qg5 19. Nb5 c6 20. h4 Qf6 21. Nc3 fxe4
22. Ndxe4 Qf4+ 23. Kb1 Nxe4 24. Bxe4 Bf5 25. f3 Qe3 26. Qf2 Bxe4+ 27. Nxe4 Qd3+
28. Qc2 Qxc2+ 29. Kxc2 cxd5 30. cxd5 Rc8+ 31. Kb1 Rc4 32. Rc1 Rcb4 33. Rc2 Rxa4
34. Rc8+ Bf8 35. Nf6+ Kf7 36. Rxf8+ Kxf8 37. Nd7+ Ke7 38. Nxb6 Rb4 39. Na8 Kd8
40. h5 g5 41. Rc1 a4 42. Ka2 Rh4 43. Nc7 Rxh5 44. Ne6+ Ke7 45. Rc7+ Kf6 46.
Rxb7 Rh2 47. g4 Rd2 48. Rh7 Kg6 49. Nf8+ Kf6 50. Ne6 Kg6 51. Ra7 Rxd5 52. Rxa4
Kf7 53. Nc7 Rc5 54. Na6 Rb5 55. b4 Rd5 56. Ra5 Rd2+ 57. Kb1 Rd3 58. Ra2 Rxf3
59. b5 Ke6 60. b6 Rf1+ 61. Kb2 Rf7 62. Nc7+ Kd7 63. Ra7 Rf8 64. Ne8+ Kc6 {(=)}
65. b7 Rf2+ 66. Kc3 Rf3+ 67. Kb4 Rf4+ 68. Ka5 Rf1 69. Nxd6 Ra1+ 70. Kb4 Rb1+
71. Ka5 Kxd6 72. Ra6+ Kc7 73. Rxh6 Kxb7 74. Re6 {(=)} Re1 75. Rg6 e4 76. Kb4
Rg1 77. Rxg5 e3 1/2-1/2

[Event "Niedersachsen-ch B"]
[Site "Verden"]
[Date "2010.01.04"]
[Round "3.31"]
[White "Davydov, Mihail"]
[Black "Schneider, Waldemar"]
[Result "1-0"]
[WhiteElo "2061"]
[BlackElo "1602"]
[PlyCount "120"]
[EventDate "2010.01.??"]
[EventType "swiss"]
[EventRounds "7"]
[EventCountry "GER"]
[SourceDate "2005.10.24"]

1. e4 d5 2. exd5 Qxd5 3. Nc3 Qd6 4. d4 Nf6 5. Bc4 a6 6. Nf3 b5 7. Bb3 Bb7 8.
O-O e6 9. a3 Be7 10. Qe2 O-O 11. Rd1 Nd5 12. Ne4 Qb6 13. c3 Nd7 14. Bc2 N7f6
15. Ne5 Nxe4 16. Qxe4 Nf6 17. Qh4 Qd6 18. Bf4 Qd8 19. Re1 g6 20. Qh6 Nh5 21.
Be3 Bf6 22. Rad1 Qd5 23. Nf3 Bg7 24. Qg5 Qxg5 25. Nxg5 h6 26. Ne4 Kh7 27. f3
Nf6 28. Nc5 Bd5 29. Kf2 Rfd8 30. Bf4 Ne8 31. h4 Bf6 32. h5 Kg7 33. hxg6 fxg6
34. Nxe6+ Bxe6 35. Rxe6 g5 36. Bg3 Nd6 37. Bd3 Rd7 38. Rde1 Rad8 39. Be5 Bxe5
40. R1xe5 Nf7 41. Rg6+ Kf8 42. Ree6 Rd6 43. Kg3 Rxe6 44. Rxe6 Rd6 45. Rxd6 Nxd6
46. f4 Ke7 47. fxg5 hxg5 48. Kg4 Kf6 49. b3 Nb7 50. Kf3 Na5 51. Bc2 Nb7 52. g4
Ke6 53. Bf5+ Kd6 54. Bc8 Na5 55. Ke4 Nxb3 56. Bxa6 Nd2+ 57. Kd3 Nb1 58. Bxb5
Nxa3 59. Ba6 c6 60. Kd2 Kd5 {
Ob es noch weiter ging, bliebt der Nachwelt leider vorenthalten...} 1-0

[Event "Niedersachsen-ch B"]
[Site "Verden"]
[Date "2010.01.04"]
[Round "3.32"]
[White "Bach, Jannik"]
[Black "Pollmann, Sascha"]
[Result "0-1"]
[WhiteElo "1673"]
[BlackElo "2025"]
[PlyCount "94"]
[EventDate "2010.01.??"]
[EventType "swiss"]
[EventRounds "7"]
[EventCountry "GER"]
[SourceDate "2005.10.24"]

1. e4 e6 2. d4 d5 3. exd5 exd5 4. Bd3 Nc6 5. Nf3 Bd6 6. Nc3 Nge7 7. O-O Bg4 8.
Be3 Qd7 9. Be2 O-O 10. Qd2 Rae8 11. Rfe1 f5 12. Bf4 Bxf4 13. Qxf4 Ng6 14. Qd2
f4 15. Rad1 Kh8 16. a3 Re7 17. b3 Rfe8 18. Kf1 Bf5 19. Bd3 Be4 20. Be2 Qf5 21.
Rc1 h6 22. h3 Nd8 23. Bd1 Nf7 24. Na2 c6 25. Nb4 Qf6 26. Be2 Nd6 27. Nd3 Bxd3
28. Bxd3 Ne4 29. Qd1 Nh4 30. Bxe4 dxe4 31. Nxh4 Qxh4 32. Qg4 Qf6 33. c3 f3 34.
Re3 fxg2+ 35. Kxg2 Qf7 36. c4 Re6 37. Qe2 {(=)} Qf5 38. Rd1 Rd8 39. Rd2 h5 40.
Rg3 Red6 41. Qe3 Rg6 42. Rxg6 Qxg6+ 43. Qg3 Qf5 44. Qh4 Rd6 45. Kh2 Rg6 46. Rd1
e3 47. fxe3 Qc2+ 0-1

[Event "Niedersachsen-ch B"]
[Site "Verden"]
[Date "2010.01.04"]
[Round "3.33"]
[White "Kickert, Germaine Helene"]
[Black "Pfeifer, Frank"]
[Result "0-1"]
[WhiteElo "1972"]
[BlackElo "1739"]
[PlyCount "50"]
[EventDate "2010.01.??"]
[EventType "swiss"]
[EventRounds "7"]
[EventCountry "GER"]
[SourceDate "2005.10.24"]

1. e4 Nf6 2. e5 Nd5 3. d4 d6 4. c4 Nb6 5. exd6 exd6 6. Nc3 Be7 7. Qf3 Nc6 8.
Be3 Bf6 9. O-O-O Be6 10. c5 Nd7 11. d5 Nce5 12. Qe4 Bg4 13. Re1 g6 14. Qa4 O-O
15. h3 Nxc5 16. Bxc5 Bd7 17. Qb3 dxc5 18. f4 c4 19. Qxb7 Nd3+ 20. Bxd3 cxd3 21.
Rd1 Bxc3 22. bxc3 Qf6 23. Qb4 Rab8 24. Qd4 Qa6 25. Rd2 Qa3+ 0-1

[Event "Niedersachsen-ch B"]
[Site "Verden"]
[Date "2010.01.04"]
[Round "3.34"]
[White "Jacobi, Felix Hagen"]
[Black "Kollars, Michael"]
[Result "1-0"]
[WhiteElo "1901"]
[BlackElo "1530"]
[PlyCount "127"]
[EventDate "2010.01.??"]
[EventType "swiss"]
[EventRounds "7"]
[EventCountry "GER"]
[SourceDate "2005.10.24"]

1. e4 c5 2. f4 d6 3. Nf3 Nf6 4. d3 g6 5. c3 Bg7 6. Be3 Nc6 7. Nbd2 Ng4 8. Bg1
e5 9. h3 Nh6 10. fxe5 Nxe5 11. Be3 f5 12. Qb3 Qe7 13. Bg5 Qe6 14. O-O-O Qxb3
15. Nxb3 Nhf7 16. Be3 a5 17. exf5 Nxf3 18. fxg6 hxg6 19. gxf3 a4 20. Nd2 a3 21.
d4 axb2+ 22. Kxb2 Be6 23. a3 b6 24. Ne4 O-O 25. Rg1 Kh7 26. Bd3 Bf5 27. Bc4
Rad8 28. Bxf7 Bxe4 29. fxe4 Rxf7 30. dxc5 bxc5 31. Bxc5 Rb8+ 32. Bb4 Rf2+ 33.
Kb3 Rf3 34. Kc4 Rc8+ 35. Kd5 Bxc3 36. Bxd6 Rd8 37. Kc6 Rf6 38. Rd5 Re6 39. Rg3
Be5 40. Rgd3 Bxd6 41. Rxd6 Rdxd6+ 42. Rxd6 Rxe4 43. Rd3 Kh6 44. Kb5 Re5+ 45.
Kc4 Re4+ 46. Kb3 Re1 47. a4 Ra1 48. Kb4 Rb1+ 49. Rb3 Ra1 50. a5 Kh5 51. Ra3
Rb1+ 52. Kc4 Rc1+ 53. Kd5 Rd1+ 54. Kc6 Rc1+ 55. Kd5 Rd1+ 56. Ke4 Kh4 57. a6
Re1+ 58. Kd5 Rd1+ 59. Ke6 Re1+ 60. Kf6 Rf1+ 61. Kxg6 Rf3 62. Ra4+ (62. Rxf3 $4
{patt.}) 62... Kxh3 63. a7 Rg3+ 64. Kh7 1-0

[Event "Niedersachsen-ch B"]
[Site "Verden"]
[Date "2010.01.04"]
[Round "3.35"]
[White "Koop, Thorben"]
[Black "Wernke Schmiesing, Sebastian"]
[Result "1-0"]
[WhiteElo "1740"]
[BlackElo "1475"]
[PlyCount "57"]
[EventDate "2010.01.??"]
[EventType "swiss"]
[EventRounds "7"]
[EventCountry "GER"]
[SourceDate "2005.10.24"]

1. e4 c5 2. Nf3 d6 3. d4 cxd4 4. Nxd4 Nf6 5. Nc3 a6 6. Be3 e5 7. Nb3 Be6 8. Qd2
Be7 9. O-O-O b5 10. f3 Nbd7 11. g4 Bxb3 12. axb3 Nc5 13. h4 Rc8 14. Kb1 b4 15.
Nd5 Nxd5 16. Qxd5 O-O 17. g5 Qc7 18. Bc4 Ne6 19. Rdg1 Qc6 20. Qd2 a5 21. h5 Qd7
22. g6 Rxc4 23. bxc4 fxg6 24. hxg6 hxg6 25. Rxg6 Rxf3 26. c5 Nf4 27. Bxf4 Rxf4
28. Qd5+ Rf7 29. Rh8+ 1-0

[Event "Niedersachsen-ch B"]
[Site "Verden"]
[Date "2010.01.04"]
[Round "3.36"]
[White "Schumacher, Klaus"]
[Black "Hurink, Maarten"]
[Result "1/2-1/2"]
[WhiteElo "1884"]
[BlackElo "1846"]
[PlyCount "56"]
[EventDate "2010.01.??"]
[EventType "swiss"]
[EventRounds "7"]
[EventCountry "GER"]
[SourceDate "2005.10.24"]

1. e4 c5 2. Nf3 d6 3. d4 cxd4 4. Nxd4 Nf6 5. Nc3 a6 6. Bd3 e5 7. Nf3 Be6 8. O-O
Nbd7 9. b3 Be7 10. Bb2 Nc5 11. Re1 O-O 12. Nd5 Bxd5 13. exd5 Nxd3 14. Qxd3 e4
15. Qe3 exf3 16. Qxe7 Nxd5 17. Qxd8 Rfxd8 18. gxf3 Rac8 19. c4 Nb4 20. Re7 Rb8
21. Bc3 Nc6 22. Re4 f6 23. Rae1 Kf7 24. Kg2 d5 25. cxd5 Rxd5 26. f4 Rbd8 27.
Bb2 Rd2 28. R1e2 Rxe2 1/2-1/2

[Event "Niedersachsen-ch B"]
[Site "Verden"]
[Date "2010.01.04"]
[Round "3.37"]
[White "Vonhoff, Nils"]
[Black "Kuegel, Tobias"]
[Result "1/2-1/2"]
[WhiteElo "1772"]
[BlackElo "1921"]
[PlyCount "106"]
[EventDate "2010.01.??"]
[EventType "swiss"]
[EventRounds "7"]
[EventCountry "GER"]
[SourceDate "2005.10.24"]

1. e4 Nf6 2. e5 Nd5 3. d4 d6 4. c4 Nb6 5. exd6 exd6 6. Nc3 Be7 7. Be3 O-O 8.
Nf3 Nc6 9. Bd3 Nb4 10. a3 Nxd3+ 11. Qxd3 g6 12. Qe2 Bg4 13. b3 Re8 14. O-O Bf6
15. Rad1 d5 16. c5 Nc8 17. h3 Bf5 18. g4 Be6 19. Qd2 Qd7 20. Ne1 Bg7 21. f4 f5
22. g5 b6 23. b4 a5 24. Nf3 axb4 25. axb4 bxc5 26. bxc5 c6 27. Ra1 Rxa1 28.
Rxa1 Na7 29. Na4 Nb5 30. Nb6 Qb7 31. Kf2 Kf7 32. Ra2 Rb8 33. Qa5 Qc7 34. Qb4
Rb7 35. h4 Ra7 36. Rxa7 Qxa7 37. Qa4 Qxa4 38. Nxa4 Ke7 39. Ke2 Kd8 40. Kd2 Kc7
41. Kc2 Na3+ 42. Kb3 Nc4 43. Bf2 Bc8 44. Nb2 {(=)} Ba6 45. Nd3 Nd2+ 46. Nxd2
Bxd3 47. Nf3 Kd7 48. Kc3 Be2 49. Ne5+ Bxe5 50. dxe5 d4+ 51. Kxd4 Ke6 52. Be1
Bf3 53. Bf2 Bd5 1/2-1/2

[Event "Niedersachsen-ch B"]
[Site "Verden"]
[Date "2010.01.04"]
[Round "3.38"]
[White "Vonhoff, Joerg"]
[Black "Kessler, Marcel"]
[Result "0-1"]
[WhiteElo "1711"]
[BlackElo "1924"]
[PlyCount "36"]
[EventDate "2010.01.??"]
[EventType "swiss"]
[EventRounds "7"]
[EventCountry "GER"]
[SourceDate "2005.10.24"]

1. e4 e5 2. Nf3 Nc6 3. Bb5 a6 4. Ba4 Nf6 5. O-O Be7 6. Re1 b5 7. Bb3 O-O 8. c3
d6 9. h3 Nb8 10. d4 Nbd7 11. Bg5 Bb7 12. Bxf6 Bxf6 13. a4 Qe7 14. Qd3 exd4 15.
cxd4 c5 16. Bd5 cxd4 17. axb5 Nc5 18. Qc4 axb5 0-1

[Event "Niedersachsen-ch B"]
[Site "Verden"]
[Date "2010.01.04"]
[Round "3.39"]
[White "Sablotny, Juergen"]
[Black "Belakhin, Alexander"]
[Result "0-1"]
[WhiteElo "1833"]
[BlackElo "1864"]
[PlyCount "86"]
[EventDate "2010.01.??"]
[EventType "swiss"]
[EventRounds "7"]
[EventCountry "GER"]
[SourceDate "2005.10.24"]

1. Nf3 Nf6 2. g3 d5 3. d4 c6 4. Bg2 Bf5 5. Nbd2 h6 6. c4 e6 7. Qb3 Qb6 8. Qxb6
axb6 9. O-O Na6 10. a3 Be7 11. Ne1 O-O 12. f3 Bg6 13. cxd5 exd5 14. e4 Rfd8 15.
Nc2 Nc7 16. Re1 Nb5 17. a4 Nc7 18. b3 b5 19. a5 b4 20. Bb2 Bf8 21. Bf1 Re8 22.
Bd3 Re6 23. Re3 Rae8 24. e5 Bxd3 25. Rxd3 Nd7 26. f4 Ra8 27. Rf3 Ree8 28. f5 c5
29. Nxb4 cxb4 30. h4 Ra6 31. Re3 Rc6 32. Nf3 Rc2 33. Rc1 Rxc1+ 34. Bxc1 Nb8 35.
Re2 Nc6 36. Rc2 Ra8 37. Bf4 Nb5 38. e6 fxe6 39. fxe6 Nbxd4 40. Nxd4 Nxd4 41.
Rc7 Nxe6 42. Rxb7 Nxf4 43. gxf4 Rxa5 0-1

[Event "Niedersachsen-ch B"]
[Site "Verden"]
[Date "2010.01.04"]
[Round "3.40"]
[White "Dorn, Carina"]
[Black "Kollars, Dmitrij"]
[Result "1/2-1/2"]
[WhiteElo "1867"]
[BlackElo "1450"]
[PlyCount "59"]
[EventDate "2010.01.??"]
[EventType "swiss"]
[EventRounds "7"]
[EventCountry "GER"]
[SourceDate "2005.10.24"]

1. d4 Nf6 2. c4 d6 3. Nc3 e5 4. d5 g6 5. e4 Bg7 6. Nf3 O-O 7. Be2 Nbd7 8. O-O
Nc5 9. Nd2 a5 10. b3 Ne8 11. a3 f5 12. Bb2 Nf6 13. f3 Bh6 14. b4 Bxd2 15. bxc5
Be3+ 16. Kh1 Bxc5 17. Bd3 Bd4 18. Qc2 Nh5 19. exf5 Bxf5 20. Bxf5 gxf5 21. Ne2
Bxb2 22. Qxb2 b6 23. f4 Qf6 {(=)} 24. Rf3 exf4 25. Qxf6 Rxf6 26. Rh3 Re8 27.
Nd4 Ng7 28. Rf1 Re4 29. Rd3 Rf8 30. g3 1/2-1/2

[Event "Niedersachsen-ch B"]
[Site "Verden"]
[Date "2010.01.04"]
[Round "3.41"]
[White "Knobel, Hannah Bettina"]
[Black "Pfemeter, Felix"]
[Result "0-1"]
[WhiteElo "1482"]
[BlackElo "1866"]
[PlyCount "80"]
[EventDate "2010.01.??"]
[EventType "swiss"]
[EventRounds "7"]
[EventCountry "GER"]
[SourceDate "2005.10.24"]

1. d4 Nf6 2. Nf3 g6 3. c4 Bg7 4. Nc3 d6 5. Bg5 O-O 6. e3 Nbd7 7. Be2 c6 8. Nd2
Qa5 9. Bh4 e5 10. O-O Re8 11. Bg3 Nf8 12. Re1 Ne6 13. Nb3 Qc7 14. Qc2 Ng5 15.
Bh4 Bf5 16. Bd3 Bxd3 17. Qxd3 e4 18. Qc2 h6 19. Nd2 Qe7 20. Rad1 Qe6 21. b3 Qg4
22. Bg3 Rad8 23. h3 Qf5 24. Nf1 Ngh7 25. Bh2 g5 26. f3 Qg6 27. fxe4 g4 28. h4
Nh5 29. Ng3 Nxg3 30. Bxg3 Nf6 31. Bf4 Nxe4 32. Nxe4 Rxe4 33. Qd2 h5 34. Qa5
Rde8 35. Qxa7 g3 36. Qxb7 Qg4 37. Bg5 f6 38. Bf4 Qxh4 39. Kf1 Rxf4+ 40. exf4
Qh1# 0-1

[Event "Niedersachsen-ch B"]
[Site "Verden"]
[Date "2010.01.04"]
[Round "3.42"]
[White "Eickhoff, Hermann"]
[Black "Petrov, Iouri"]
[Result "1-0"]
[WhiteElo "2030"]
[BlackElo "1443"]
[PlyCount "113"]
[EventDate "2010.01.??"]
[EventType "swiss"]
[EventRounds "7"]
[EventCountry "GER"]
[SourceDate "2005.10.24"]

1. c4 e5 2. Nc3 Nc6 3. g3 Bc5 4. Bg2 Nge7 5. a3 a5 6. Nf3 d6 7. O-O O-O 8. d3
Bg4 9. h3 Bh5 10. Rb1 Nd4 11. Nxd4 Bxd4 12. Nb5 Rb8 13. Nxd4 exd4 14. f4 f5 15.
b4 axb4 16. axb4 c5 17. bxc5 dxc5 18. Rxb7 Rxb7 19. Bxb7 Qb6 20. Bf3 Qg6 21.
Kh2 Bxf3 22. Rxf3 h5 23. e3 h4 24. exd4 cxd4 25. Qg1 hxg3+ 26. Rxg3 Qf6 27. Ba3
Re8 28. Rg2 Nc6 29. Bc5 Re3 30. Rg6 Re2+ 31. Rg2 Re3 32. Rg6 Re2+ 33. Kh1 Re1
34. Rxf6 Rxg1+ 35. Kxg1 gxf6 36. Kf2 Kh7 37. Ke2 Kg6 38. Kd2 Kh5 39. Kc2 Kh4
40. Kb3 Kxh3 41. Ka4 Kg4 42. Bd6 Kf3 43. Kb5 Nd8 44. c5 Ke3 45. Kc4 Nc6 46. Bc7
Ke2 47. Kd5 Nb4+ 48. Kxd4 Nxd3 49. c6 Nb4 50. Kc5 Nxc6 51. Kxc6 Kf3 52. Kd5 Kg4
53. Ke6 Kh5 54. Kxf5 Kh6 55. Kxf6 Kh7 56. Ke7 Kh8 57. f5 1-0

[Event "Niedersachsen-ch B"]
[Site "Verden"]
[Date "2010.01.04"]
[Round "3.44"]
[White "Diederichs, Luise"]
[Black "Zotin, Vladimir"]
[Result "1/2-1/2"]
[WhiteElo "1470"]
[BlackElo "2015"]
[PlyCount "99"]
[EventDate "2010.01.??"]
[EventType "swiss"]
[EventRounds "7"]
[EventCountry "GER"]
[SourceDate "2005.10.24"]

1. c4 Nf6 2. Nc3 e6 3. d4 Bb4 4. Bd2 c5 5. Nb5 Bxd2+ 6. Qxd2 O-O 7. dxc5 Ne4 8.
Qc2 Qa5+ 9. Nc3 Nxc3 10. Qxc3 Qxc5 11. e3 b6 12. Nf3 Bb7 13. Be2 Nc6 14. O-O
Rac8 15. b3 d5 16. Rac1 dxc4 17. Qxc4 Qa3 18. Qa4 Qxa4 19. bxa4 Rfd8 20. Rfd1
Kf8 21. Kf1 Ke7 22. Bb5 Nb4 23. Ke2 Nxa2 24. Rxc8 Bxc8 25. Rxd8 Kxd8 26. Ng5
Ke7 27. Kd2 Bb7 28. g3 h6 29. Nh3 a6 30. Bc4 Nb4 31. Nf4 Kd6 32. Kc3 Kc5 33.
Nd3+ Nxd3 34. Bxd3 Bf3 35. Bxa6 Bc6 36. Kb3 Kd5 37. Bd3 f5 38. Kb4 Kd6 39. Bc4
g5 40. Bd3 h5 41. Be2 h4 42. Bb5 h3 43. Bxc6 Kxc6 44. Kc4 e5 45. f4 exf4 46.
exf4 gxf4 47. gxf4 Kd6 48. Kb5 Kc7 49. Kc4 Kc6 50. Kd4 1/2-1/2

[Event "Niedersachsen-ch B"]
[Site "Verden"]
[Date "2010.01.04"]
[Round "3.45"]
[White "Kimmich, Bernd"]
[Black "Weis, Hans Juergen"]
[Result "1-0"]
[WhiteElo "1928"]
[BlackElo "1371"]
[PlyCount "61"]
[EventDate "2010.01.??"]
[EventType "swiss"]
[EventRounds "7"]
[EventCountry "GER"]
[SourceDate "2005.10.24"]

1. d4 d5 2. Nf3 e6 3. c4 Nc6 4. e3 Nf6 5. Nc3 Bb4 6. a3 Bxc3+ 7. bxc3 O-O 8.
Be2 Ne4 9. Qc2 f5 10. O-O Rf6 11. cxd5 exd5 12. c4 Be6 13. Bb2 Rg6 14. Rac1 Ng5
15. Nxg5 Qxg5 16. Bf3 Rd8 17. g3 f4 18. cxd5 Bxd5 {(=)} 19. e4 Be6 20. d5 Bh3
21. dxc6 Rxc6 22. Qb3+ Be6 23. Qxb7 Rb6 24. Qxc7 Rxb2 25. Qxf4 Qxf4 26. gxf4
Rb3 27. Be2 Rxa3 28. f5 Bc8 29. Rc7 Kf8 30. Rfc1 Ba6 31. Rxa7 1-0

[Event "Niedersachsen-ch B"]
[Site "Verden"]
[Date "2010.01.04"]
[Round "3.46"]
[White "Haniszewski, Patrick"]
[Black "Modder, Frank"]
[Result "0-1"]
[WhiteElo "1463"]
[BlackElo "1924"]
[PlyCount "38"]
[EventDate "2010.01.??"]
[EventType "swiss"]
[EventRounds "7"]
[EventCountry "GER"]
[SourceDate "2005.10.24"]

1. b3 d5 2. Bb2 Nf6 3. e3 e6 4. c4 Be7 5. Nf3 O-O 6. d4 Nbd7 7. cxd5 exd5 8.
Bd3 Re8 9. O-O Bd6 10. Ba3 Bxa3 11. Nxa3 Ne4 12. Qc2 c6 13. Nd2 Nxd2 14. Qxd2
Qg5 15. Rfc1 Nf6 16. Nc2 Ne4 17. Bxe4 dxe4 18. Ne1 Rd8 19. Rc5 Qxc5 0-1

[Event "Niedersachsen-ch B"]
[Site "Verden"]
[Date "2010.01.04"]
[Round "3.47"]
[White "Bischoff, Norbert"]
[Black "Bonacic, Jascha"]
[Result "1-0"]
[WhiteElo "1741"]
[BlackElo "1764"]
[PlyCount "93"]
[EventDate "2010.01.??"]
[EventType "swiss"]
[EventRounds "7"]
[EventCountry "GER"]
[SourceDate "2005.10.24"]

1. d4 Nf6 2. c4 c5 3. d5 e6 4. Nc3 exd5 5. cxd5 d6 6. e4 g6 7. Nge2 Bg7 8. Ng3
O-O 9. Be2 a6 10. a4 Re8 11. Be3 Nbd7 12. Qd2 Rb8 13. O-O Nf8 14. h3 Bd7 15. a5
Ra8 16. f4 Bb5 17. Qc2 Bxe2 18. Qxe2 Qe7 19. f5 N8d7 20. fxg6 fxg6 21. Bg5 Qe5
22. Bf4 Qd4+ 23. Kh1 Ne5 24. Ra4 Qd3 25. Qf2 b5 26. axb6 a5 27. b7 Ra7 28. Bxe5
dxe5 29. Rd1 Qa6 30. Qxc5 Nd7 31. Qc6 Qxb7 32. Nb5 Bh6 33. Qxb7 Rxb7 34. Nd6
Rb3 35. Nxe8 Rxg3 36. Rxa5 Rb3 37. Rf1 Bf4 38. Ra7 Nc5 39. Nd6 Rb6 40. Nc4 Rb4
41. Nd6 Rb6 42. g3 Bxg3 43. Nc4 Rb4 44. Nd6 Rb6 45. Nf7 Nxe4 46. Nh6+ Kh8 47.
Rf8# 1-0

[Event "Niedersachsen-ch B"]
[Site "Verden"]
[Date "2010.01.04"]
[Round "3.49"]
[White "Klosa, Kevin"]
[Black "Woellermann, Ludger"]
[Result "0-1"]
[WhiteElo "1416"]
[BlackElo "1820"]
[PlyCount "82"]
[EventDate "2010.01.??"]
[EventType "swiss"]
[EventRounds "7"]
[EventCountry "GER"]
[SourceDate "2005.10.24"]

1. e4 c5 2. Nf3 Nc6 3. d4 cxd4 4. Nxd4 g6 5. Be3 Bg7 6. Nc3 Nf6 7. f3 O-O 8.
Qd2 d5 9. Nxc6 bxc6 10. O-O-O Qa5 11. e5 Ne8 12. f4 f6 13. exf6 Bxf6 14. Bd4
Bg4 15. Re1 Rb8 16. Bxf6 Nxf6 17. h3 Bd7 18. g4 Qb4 19. b3 e6 20. Be2 c5 21. g5
Ne8 22. Rhf1 Nd6 23. Bg4 Nf5 24. Nb1 Qb6 25. Re5 c4 26. Bxf5 gxf5 27. h4 cxb3
28. axb3 a5 29. Qe3 Qb5 30. Qe2 Qb6 31. Qh5 Rf7 32. Re2 Rg7 33. Rg2 Be8 34. Qf3
a4 35. Rfg1 axb3 36. Qxb3 Qxb3 37. cxb3 Rxb3 38. Rg3 Rc7+ 39. Kd2 Rb2+ 40. Kd3
Rb3+ 41. Kd2 Rb4 0-1

[Event "Niedersachsen-ch B"]
[Site "Verden"]
[Date "2010.01.04"]
[Round "3.50"]
[White "Langenfeld, Stefan"]
[Black "Tautz, Felix"]
[Result "0-1"]
[WhiteElo "1958"]
[BlackElo "1269"]
[PlyCount "80"]
[EventDate "2010.01.??"]
[EventType "swiss"]
[EventRounds "7"]
[EventCountry "GER"]
[SourceDate "2005.10.24"]

1. e4 c5 2. Nf3 a6 3. c4 Nc6 4. Nc3 g6 5. d4 cxd4 6. Nxd4 Bg7 7. Be3 e6 8. Be2
Nge7 9. Qd2 O-O 10. O-O f5 11. Nxc6 Nxc6 12. Rad1 Qc7 13. exf5 Rxf5 14. Ne4 Rf8
15. Bh6 Bxh6 16. Qxh6 Qe5 17. Ng5 Qg7 18. Qxg7+ Kxg7 19. Rd6 h6 20. Ne4 Rb8 21.
Rfd1 b5 22. cxb5 axb5 23. Nc5 Ne5 24. g3 g5 25. R1d4 Rf7 26. Rb4 Kg6 27. Rxb5
Ra8 28. a3 Ra7 29. Rb8 Rc7 30. b4 h5 31. Kg2 Kf5 32. Bxh5 Rg7 33. Bd1 Nc4 34.
Rd3 Ne5 35. Rd2 d5 36. Bc2+ Kf6 37. Rb6 Nc4 38. Rxe6+ Bxe6 39. Re2 Rge7 40. a4
Bh3+ 0-1

[Event "Niedersachsen-ch B"]
[Site "Verden"]
[Date "2010.01.04"]
[Round "3.51"]
[White "Aldegeerds, Julian"]
[Black "Pundt, Wilfried"]
[Result "0-1"]
[WhiteElo "1378"]
[BlackElo "1934"]
[PlyCount "78"]
[EventDate "2010.01.??"]
[EventType "swiss"]
[EventRounds "7"]
[EventCountry "GER"]
[SourceDate "2005.10.24"]

1. e4 e5 2. Nf3 Nc6 3. Bc4 Be7 4. c3 Nf6 5. O-O O-O 6. d3 d6 7. Be3 Na5 8. Nbd2
Nxc4 9. Nxc4 Bg4 10. h3 Bh5 11. Ncd2 Nd7 12. Qc2 Qc8 13. Nh2 f5 14. exf5 Nf6
15. g4 Be8 16. Qd1 Bc6 17. f4 b6 18. fxe5 dxe5 19. Ndf3 Bd6 20. Nh4 Qb7 21. g5
Nd5 22. Bd2 Bc5+ 23. Rf2 Bxf2+ 24. Kxf2 Bd7 25. g6 hxg6 26. Qg4 Bxf5 27. Nxf5
Rxf5+ 28. Ke2 Qc6 29. Rg1 Nf4+ 30. Bxf4 exf4 31. Nf3 Qe6+ 32. Kd1 Rf6 33. Qh4
Qe3 34. Ng5 Qxg1+ 35. Kc2 Qg2+ 36. Kb3 Qd5+ 37. c4 Qxd3+ 38. Kb4 a5+ 39. Kb5
Qd7# 0-1

[Event "Niedersachsen-ch B"]
[Site "Verden"]
[Date "2010.01.04"]
[Round "3.52"]
[White "Moeller, Christian"]
[Black "Boehning, Kilian"]
[Result "1-0"]
[WhiteElo "1813"]
[BlackElo "1247"]
[PlyCount "55"]
[EventDate "2010.01.??"]
[EventType "swiss"]
[EventRounds "7"]
[EventCountry "GER"]
[SourceDate "2005.10.24"]

1. e4 e5 2. Nf3 Nf6 3. d4 exd4 4. e5 Nd5 5. Qxd4 Ne7 6. Bc4 Nec6 7. Qf4 f6 8.
O-O d6 9. Rd1 Qe7 10. exd6 cxd6 11. Nc3 Be6 12. Nb5 Nd7 13. Nc7+ Kd8 14. Nxe6+
Kc8 15. Nxf8 Rxf8 16. Qxd6 Qxd6 17. Rxd6 Kc7 18. Rd1 Rae8 19. Bf4+ Nde5 20. Bb5
Re7 21. Bxc6 bxc6 22. Nxe5 fxe5 23. Be3 Ra8 24. g3 e4 25. Rd2 Rd7 26. Rxd7+
Kxd7 27. Rd1+ Ke6 28. Rd4 1-0

[Event "Niedersachsen-ch B"]
[Site "Verden"]
[Date "2010.01.04"]
[Round "3.53"]
[White "Worpenberg, Lukas"]
[Black "Gruender, Michael"]
[Result "0-1"]
[WhiteElo "1306"]
[BlackElo "1980"]
[PlyCount "78"]
[EventDate "2010.01.??"]
[EventType "swiss"]
[EventRounds "7"]
[EventCountry "GER"]
[SourceDate "2005.10.24"]

1. d4 g6 2. c4 Bg7 3. Nc3 d6 4. Nf3 Bg4 5. Bg5 c6 6. e3 Nd7 7. Bd3 Qa5 8. Bh4
e5 9. Be2 Nh6 10. Bg3 Nf5 11. dxe5 dxe5 12. Qc2 O-O 13. O-O Rfe8 14. Rfd1 Nf8
15. Nd2 Bxe2 16. Nxe2 Ne6 17. a3 Nxg3 18. Nxg3 f5 19. b4 Qc7 20. Ra2 h5 21. a4
h4 22. Ne2 h3 23. gxh3 Qe7 24. b5 Qh4 25. Ng3 Ng5 26. Kh1 e4 27. Rg1 Rad8 28.
Ra3 Kh8 29. a5 Nxh3 30. Rg2 a6 31. bxa6 bxa6 32. Rb3 Rd7 33. Ndf1 Red8 34. Rb1
Ng5 35. Qe2 Nf3 36. Rc1 Ne5 37. Rb1 Qe7 38. Kg1 Qc5 39. Qe1 Nf3+ 0-1